| 000 | 01253nam a22002537a 4500 | ||
|---|---|---|---|
| 999 |
_c22072 _d22072 |
||
| 003 | AR-CdUCM | ||
| 008 | 190425b ||||| |||| 00| 0 spa d | ||
| 040 |
_aMUNICIPALIDAD PROVINCIAL DEL CUSCO _cBIBLIOTECA MUNICIPAL DEL CUSCO |
||
| 082 | _aSitua/N°11/1998 | ||
| 245 |
_aSitua : _bRevista semestral de la Facultad de Medicina Humana / _cFacultad de Medicina Humana, Universidad Nacional de San Antonio Abad del Cusco |
||
| 260 |
_aCusco : _b[UNSAAC], _c1998. |
||
| 300 |
_a62 páginas. : _c31 cm. |
||
| 440 |
_aSitua revista semestral de la Facultad de Medicina Humana. _nAño,6, N° 11, setiembre-marzo 1998. _947354 |
||
| 505 | _aContenido: El síndrome de Turner en Cusco presentación en un caso. José Franco Navia. -- Traumatismo cerrado en abdomen en el Hospital Regional del Cusco. Víctor Lizarbe Castro. -- Apuntes para la historia de la medicina cusqueña. José Cáceres Pilares.... | ||
| 650 |
_aMedicina humana _947329 |
||
| 650 |
_aSalud pública _96404 |
||
| 650 |
_aHospitales _947330 |
||
| 650 |
_aCentros de Salud _932510 |
||
| 700 |
_aQuiroz Valdivia, Rodolfo _947353 |
||
| 710 |
_aFacultad de Medicina Humana _947335 |
||
| 710 |
_aUniversidad Nacional de San Antonio Abad del Cusco _915942 |
||
| 942 |
_2ddc _cPP |
||
| 945 | _avhl | ||